000 00680nam a2200241Ia 4500
003 OSt
005 20221005130919.0
006 a|||||r|||| 00| 0
007 ta
008 221004b |||||||| |||| 00| 0 mal d
024 _a58725
037 _cTextual
040 _aCRL
_cCRL
_bmal
041 _2mal
_amal
082 _aV2:51xM69w, 32J8
100 _aGandhi Mahatma Au.
_9188624
245 0 _aSardarinulla katthukal
260 _c1958
650 _aINDIA - HISTORY - FREEDOM STRUGGLE
_922401
700 _a Naya C I Raman Tr.
_9638849
942 _hV2:51xM69w, 32J8
_cTEXL
_2cc
999 _c1058793
_d1058793